000 00612nam a22002057a 4500
003 OSt
005 20160518181220.0
008 160518b xxu||||| |||| 00| 0 eng d
020 _a971-513-198-0
040 _cLIC
082 _22005
_aDFil 610.73071
_bAs6s
100 _98533
_aAsperas, Carlito M.
245 _aStrategies of health education(a text - workbook)/
_cCarlito M. Asperas
250 _aFirst Edition.
260 _aManila:
_bEducational Publishing Hpuse,
_cc2005.
300 _avii, 163 pages;
_c27 cm.
365 _b300.00
_cPhp
650 0 _98535
_aHealth education (Secondary)
942 _2ddc
_cDFIL
999 _c2583
_d2583